Statistics for Marauders

Click here to take the quiz!

General Stats

  • This quiz has been taken 71 times
  • The average score is 34 of 43

Answer Stats

HintAnswer% Correct
what is peter pettigrew's nickname?Wormtail
100%
who is moony's boyfriend?Sirius Black
98%
who is the smartest marauderRemus Lupin
94%
what does moony always eat?chocolate
92%
where did Sirius go after being kicked out of the house?James's Potter house
92%
what is the insult snape used to call lily?Mudblood
92%
what animagus is peter?Rat
92%
what creature is remus?Werewolf
92%
what house are the marauders from?Gryffindor
90%
what is the name of the ship between
severus snape and lily evans?
Snily
90%
who are the parents of regulus and sirius?Walburga Black, Orion Black
90%
in which year the "prank" happened?6th / 5th
88%
who is sirius' favorite uncle?Alphard Black
88%
what are the black names inspired by?constellations / stars
88%
who was narcissa black getting married to? (in canon)Lucius Malfoy
88%
who were the bones siblings?Amelia Bones, Edgar Bones
85%
which of the black sisters runs away from home?Andromeda Black
85%
what is the name of the ship between
james potter and lily evans?
Jily
85%
who are the lestrange siblings? (two boys and a girl)Rodolphus Lestrange, Rabastan Lestrange and
Pandora Lestrange
85%
who married alice fortescue? (in canon)Frank Longbottom
83%
who was lily friend with before hogwarts?Severus Snape
83%
who are the black sisters?Bellatrix Black, Andromeda Black,
Narcissa Black
81%
who is moony's "friend" in atyd?Grant Chapman
81%
who, among the marauders, play quidditch?James Potter, Sirius Black
81%
who is lily evans' sister?Petunia Evans
81%
who is RAB?Regulus Arcturus Black
81%
who is barty and regulus' best friend
who is also snape's friend?
Evan Rosier
79%
who is marlene mckinnon's girlfriend in fanon?Dorcas Meadowes
75%
who killed peter?Peter Pettigrew
75%
who, in fanon, is peter shipped with? (a threesome relationship)Evan Rosier and Barty Crouch Jr
73%
what house is emma vanity from?Slytherin
73%
who is the narcissa black's girlfriend?
(nobleflower)
Alice Fortescue
69%
who are the quillkillers?Bellatrix Black and Rita Skeeter
69%
which are rab' two love interests?James Potter, Barty Crouch Jr
69%
who is in the same group as dorcas?Evan Rosier, Pandora, Regulus Black,
Barty Crouch Jr
67%
what is the name of sirius' female best friend?
(in atyd they have a "relationship")
Marlene Mckinnon
67%
who kills ted tonks?Bellatrix Black
63%
who was mary macdonald attacked by?Mulciber
58%
who did snape become friends with?Avery, Mulciber, Aurora Sinistra, Charity Burbage,
Wilkes
56%
In the fanon, who is amelia bones shipped with?Emma Vanity
56%
who was a hufflepuff friend of mary macdonald?
(it's also ship)
Emmeline Vance
56%
who told remus what sirius
apparently did during the war?
Mary Macdonald
56%
who is regulus black's best friend?Pandora
48%

Score Distribution

Percentile by Number Answered

Percent of People with Each Score

Your Score History

You have not taken this quiz